000 01049nam a2200265 i 4500
001 bg
100 1 _aANDRZEJEWSKI, Grzegorz
245 1 0 _aProgramowy model interpretowanej sieci Petriego dla potrzeb projektowania mikrosystemów cyfrowych /
_cGrzegorz Andrzejewski.
260 _aZielona Góra :
_bOficyna Wydawnicza Uniwersytetu Zielonogórskiego,
_c2003.
300 _a109 s. :
_bil. ;
_c24 cm.
490 1 _aPrace Naukowe z Automatyki i Informatyki / Wydział Elektrotechniki, Informatyki i Telekomunikacji. Uniwersytet Zielonogórski ;
_vT.2
500 _aStreszcz. ang.
504 _aBibliogr.
650 9 _aSieci Petriego
650 9 _aUkłady cyfrowe
_xprojekty
650 9 _aSterowniki
830 0 _aPrace Naukowe z Automatyki i Informatyki (Wydział Elektrotechniki, Informatyki i Telekomunikacji. Uniwersytet Zielonogórski) ;
_vT.2
020 _a838932153X
040 _cBPK
041 0 _apol
_beng
080 _a004.31:004.454:519.1
920 _a83-89321-53-X
942 _cKS
008 s pl f |000 0 pol
999 _c43951
_d43951
856 _uhttp://koha.tu.koszalin.pl/cgi-bin/koha/opac-detail.pl?biblionumber=43951
_yKatalog online BPK